| 000 | 00865nam a22002891 4500 | ||
|---|---|---|---|
| 001 | 16042 | ||
| 003 | BD-RjUL | ||
| 005 | 20211208235935.0 | ||
| 008 | 140211s1948 nyua 001 0 eng | ||
| 035 | _a(BD-RjUL)16097 | ||
| 035 | _a(OCoLC)224250 | ||
| 040 |
_aDLC _cODaWU _dBD-RjUL _beng |
||
| 041 | _aeng | ||
| 082 |
_a658.3 _bLAP 1948 |
||
| 100 | 1 |
_aLawshe, C. H. _q(Charles Hubert), _d1908-2000. _949671 |
|
| 245 | 1 | 0 |
_aPrinciples of personnel testing / _cC. H. Lawshe |
| 250 | _a1st ed. | ||
| 260 |
_aNew York : _bMcGraw-Hill Book Co., _cc1948. |
||
| 300 |
_axi, 227 p. : _billus. ; _c24 cm. |
||
| 490 | 0 | _aMcGraw-Hill industrial organization and management series | |
| 504 | _aIncludes indexes. | ||
| 650 | 0 |
_aAbility _xTesting. _949672 |
|
| 650 | 0 |
_aPersonnel management. _949673 |
|
| 942 |
_2ddc _cBK |
||
| 999 |
_c16042 _d16042 |
||